|
|
|
|
| LEADER |
00000nam a2200000Ia 4500 |
| 008 |
180905b1987 cr ||||| |||| 00| | spa d |
| 999 |
|
|
|c 2317
|d 2317
|
| 090 |
|
|
|a 18.09.01
|b 634
|
| 100 |
1 |
|
|a Esquivel Alfaro, Juan Manuel
|9 157
|
| 245 |
1 |
0 |
|a Pruebas con referencia a criterios : una revisión bibliográfica /
|c Juan Manuel Esquivel Alfaro, Mayra Alvarado V.
|
| 260 |
|
|
|a San José, Costa Rica :
|b Sección de publicaciones de la OPES,
|c 1987
|
| 300 |
|
|
|a 64 páginas
|
| 650 |
1 |
4 |
|a PRUEBAS
|9 629
|
| 650 |
1 |
4 |
|a INSTITUCIONES DE ENSEÑANZA SUPERIOR
|9 788
|
| 700 |
|
|
|a Alvaro V., Mayra
|9 4198
|
| 942 |
|
|
|i 001051 ,001052
|h 18.09.01 634
|2 z
|c 01
|
| 942 |
|
|
|i 001051 ,001052
|h 18.09.01 634
|2 z
|